000 00451cam a2200181ua 4500
001 5196
008 120730n ii |||gr||||Z||||||eng
040 _cMAIN
082 _a822
100 _aCongreve, William,
_eAuthor,
245 1 1 _aThe way of the world
_cby William Congreve
250 _a1st.
260 _aAgra:
_bLakshmi narain agarwal.
300 _a256p:
_c15cm.
653 _aEnglish drama
700 _aBanerji, S. K.,
_eEditor,
942 _cBK
999 _c4378
_d4378